书目信息 |
| 题名: |
基于生态视角下的ESP课堂教学刍议
|
|
| 作者: | 张菅 著 | |
| 分册: | ||
| 出版信息: | 北京 中国纺织出版社 2019.11 |
|
| 页数: | 181页 | |
| 开本: | 23cm | |
| 丛书名: | ||
| 单 册: | ||
| 中图分类: | H319.3 | |
| 科图分类: | ||
| 主题词: | 英语--ying yu--课堂教学--教学研究--高等学校 | |
| 电子资源: | ||
| ISBN: | 978-7-5180-5569-2 | |
| 000 | 00941nam0 2200241 450 | |
| 001 | 202020141256 | |
| 005 | 20200926181358.0 | |
| 010 | @a978-7-5180-5569-2@dCNY59.00 | |
| 100 | @a20200919d2019 em y0chiy50 ea | |
| 101 | 0 | @achi@aeng |
| 102 | @aCN@b110000 | |
| 105 | @aa a 000yy | |
| 106 | @ar | |
| 200 | 1 | @a基于生态视角下的ESP课堂教学刍议@Aji yu sheng tai shi jiao xia de ESP ke tang jiao xue chu yi@f张菅著 |
| 210 | @a北京@c中国纺织出版社@d2019.11 | |
| 215 | @a181页@c图@d23cm | |
| 320 | @a有书目 (第160-181页) | |
| 330 | @a本书首先对专门用途英语进行大致探讨, 然后围绕后方法时代背景下专门用途英语生态教学理论、专门用途英语生态课堂及学习情况、专门用途英语生态课堂中的教学需求及实践展开深入探讨, 最后就专门用途英语能力的培养与教学进行论述。 | |
| 606 | 0 | @a英语@Aying yu@x课堂教学@x教学研究@x高等学校 |
| 690 | @aH319.3@v5 | |
| 701 | 0 | @a张菅@Azhang jian@4著 |
| 801 | 0 | @aCN@c20191030 |
| 905 | @a河南城建学院图书馆@dH319.3@eZ125 | |
| 基于生态视角下的ESP课堂教学刍议/张菅著.-北京:中国纺织出版社,2019.11 |
| 181页:图;23cm |
| ISBN 978-7-5180-5569-2:CNY59.00 |
| 本书首先对专门用途英语进行大致探讨, 然后围绕后方法时代背景下专门用途英语生态教学理论、专门用途英语生态课堂及学习情况、专门用途英语生态课堂中的教学需求及实践展开深入探讨, 最后就专门用途英语能力的培养与教学进行论述。 |
| ● |
| 相关链接 |
|
|
|
正题名:基于生态视角下的ESP课堂教学刍议
索取号:H319.3/Z125
 
预约/预借
| 序号 | 登录号 | 条形码 | 馆藏地/架位号 | 状态 | 备注 |
| 1 | 1491454 | 214914547 | 语言库209/209语言库 42排6列4层/ [索取号:H319.3/Z125] | 在馆 | |
| 2 | 1491455 | 214914556 | 语言库209/209语言库 42排6列4层/ [索取号:H319.3/Z125] | 在馆 | |
| 3 | 1491456 | 214914565 | 语言库209/209语言库 42排6列4层/ [索取号:H319.3/Z125] | 在馆 |